Normal view
MARC view
- قانون- الاحوال الشخصية- الشريعة الاسلامية
Entry Topical Term
001 - CONTROL NUMBER
- control field: 19050
003 - CONTROL NUMBER IDENTIFIER
- control field: JO-AjAnu
005 - DATE AND TIME OF LATEST TRANSACTION
- control field: 20230606073332.0
008 - FIXED-LENGTH DATA ELEMENTS
- fixed length control field: 230606|| aca||aabn | a|a d
040 ## - CATALOGING SOURCE
- Original cataloging agency: JO-AjAnu
- Transcribing agency: JO-AjAnu
150 ## - HEADING--TOPICAL TERM
- Topical term or geographic name entry element: قانون- الاحوال الشخصية- الشريعة الاسلامية
670 ## - SOURCE DATA FOUND
- Source citation: Work cat.: (JO-AjAnu)9774: الرافعي،مصطفى, author 19049, الأحوال الشخصية في الشريعة الإسلامية والقوانين اللبنانية